| 000 | 00486nam a22001817a 4500 | ||
|---|---|---|---|
| 999 |
_c5086 _d5084 |
||
| 005 | 20210909134747.0 | ||
| 008 | 160701b xxu||||| |||| 00| 0 eng d | ||
| 020 | _a978-81-203-2955-3 | ||
| 041 | _aeng | ||
| 082 |
_b20492 _a005.43 |
||
| 100 |
_aTanenbaum Andrew S. and Woodhull, Albert S. _94101 |
||
| 245 | _aOperating System: Design and implementation | ||
| 250 | _a3rd ed. | ||
| 260 |
_bPHI _adelhi _c2014 |
||
| 300 | _a1031 | ||
| 650 |
_aInformation Technology _9137 |
||
| 942 | _cBK | ||